000 01407cam a22003737a 4500
003 CHAP
005 20220817043848.0
008 010920s2001 mx a r 00010 spa d
010 _a86421
011 _a87393
035 _a97936
040 _cCHAP
090 _aTesis
100 0 0 _aRicardo Morales, Agustín.
_997210
245 1 3 _aLa boda mixteca como elemento de cohesión social de una comunidad indígena de la costa chica de Guerrero :
_b(estudio de caso en Yolocochilt, San Luis Acatlán, Gro.)
_c/por Agustín Ricardo Morales
260 _aChapingo, Méx. :
_bEl autor,
_c2002.
300 _a191 h. :
_bilus.
502 _aTesis (Ing. Agr. Esp. en Sociología Rural) -- UACH. Departamento de Sociología Rural
590 _aALEPH
_b10
_c20130110
_lUCH01
_h1449
590 _aBATCH-UPD
_b10
_c20130110
_lUCH01
_h0711
590 _aBATCH-UPD
_b10
_c20130110
_lUCH01
_h2337
590 _aBATCH-UPD
_b10
_c20130410
_lUCH01
_h0357
590 _aBATCH-UPD
_b10
_c20130914
_lUCH01
_h1555
590 _aCONVERSION
_b10
_c20130109
_lUCH01
_h1348
650 1 4 _aGuerrero
_xVida social y costumbres.
_951189
650 1 4 _aIdentidad.
_957290
650 1 4 _aIndios de Guerrero.
650 1 4 _aMatrimonio.
_973048
901 _aBK
905 _aAlejandra Carrasco M.
942 _cFOLL
949 _aTesis
_bBC
_cTES
_d33724000879334
_eTS2
_fc.2
_h40058
_i97936
_si
949 _aTesis
_bBC
_cTES
_d979361
_eTS1
_h40057
_i97936
_sb
999 _c86421
_d86421